|
|
|
|
| LEADER |
01052nam a22002771 4500 |
| 001 |
AAL8755 |
| 003 |
BD-DhAAL |
| 005 |
20160723111345.0 |
| 008 |
160723r1948 nyu 000 1 eng |
| 010 |
|
|
|a 48007625 //r83
|
| 020 |
|
|
|a 0394712587
|
| 040 |
|
|
|a DLC
|c DLC
|d m.c.
|d RCD
|d BD-DhAAL
|
| 050 |
0 |
|
|a PZ3.C1574
|b Pl
|
| 082 |
|
|
|a 843/.914
|
| 100 |
1 |
|
|a Camus, Albert,
|d 1913-1960.
|9 20105
|
| 245 |
1 |
4 |
|a The plague /
|
| 260 |
|
|
|a New York,
|b Vintage Books,
|b A. A. Knopf,
|c 1948.
|
| 300 |
|
|
|a 287 p.
|c 22 cm.
|
| 541 |
|
|
|e 8755
|
| 650 |
|
|
|a Plague
|x Fiction.
|9 20106
|
| 700 |
1 |
|
|a Gilbert, Stuart.
|9 20107
|
| 852 |
|
|
|a Savar Campus Library
|c General Shelf
|
| 942 |
|
|
|2 ddc
|c BK
|
| 999 |
|
|
|c 37711
|d 37711
|
| 952 |
|
|
|0 0
|1 0
|2 ddc
|4 0
|6 843_000000000000000__914_CAM
|7 0
|9 59402
|a SCL
|b SCL
|c GEN
|d 2016-07-23
|g 200.00
|l 11
|m 46
|o 843.914 CAM
|p 3020008755
|r 2026-05-08
|s 2026-04-13
|t 1
|w 2016-07-23
|y BK
|
| 952 |
|
|
|0 0
|1 0
|2 ddc
|4 0
|6 843_000000000000000__914_CAM
|7 0
|9 59422
|a SCL
|b SCL
|c GEN
|d 2016-07-24
|g 200.00
|l 11
|m 48
|o 843.914 CAM
|p 3020008756
|r 2026-05-08
|s 2026-04-13
|t 2
|w 2016-07-24
|y BK
|